000 00780nam a2200253Ia 4500
003 OSt
005 20220923224631.0
006 a|||||r|||| 00| 0
007 ta
008 220922b |||||||| |||| 00| 0 hin d
024 _a248,424
037 _cTextual
040 _aARTS
_cARTS
_bhin
041 _2hin
_ahin
082 _aO111,1:g, 155K8
100 _aजोशी, ना. ग.
_9157030
245 0 _aतुलनात्मक छंदोरचना
246 _aTulanātmak chhandorachanā
260 _aमुंबई
_b मौज प्रकाशन
_c1968
300 _a407पृ.
_ccm.
650 _aमराठी साहित्य
942 _hO111,1:g, 155K8
_cTEXL
_2CC
999 _c372655
_d372655